[Event "Aimchess US Rapid Prelims 2021"]
[Site "Chess24"]
[Date "2021.08.25"]
[Round "13.1"]
[White "Van Foreest, Jorden"]
[Black "Duda, Jan-Krzysztof"]
[Result "0-1"]
[WhiteElo "2698"]
[BlackElo "2738"]
[Annotator "TA"]
[PlyCount "64"]
[EventDate "2021.08.28"]
[EventType "tourn"]
[EventCountry "NET"]
[Tiebreak "Direct encounter+Number of wins+Koya"]
[SourceTitle "playchess.com"]
[Source "ChessBase"]
[SourceQuality "1"]

{[%evp 13,64,10,25,-29,-21,-28,-28,-28,-28,-22,-32,-32,16,9,22,19,52,35,54,13,
13,10,6,-203,-186,-194,-197,-349,-245,-252,-254,-194,-8,-8,-9,-10,-9,-245,-243,
-242,-235,-459,-458,-530,-530,-507,-508,-1177,-1177,-5956,-5939,-29992,-29993]
} 1. d4 Nf6 2. c4 e6 3. Nf3 d5 4. Bg5 Be7 5. e3 h6 6. Bxf6 Bxf6 7. Nc3 {
7.Qc2 is more advanced technology.} O-O 8. h4 {D55: Queen's Gambit Declined: 4
Bg5 Be7: Lines without ...h6 and 6...h6 7 Bxf6.} ({White should try} 8. Rc1)
8... c5 $11 9. g4 cxd4 10. exd4 {Black has an edge.} g6 11. g5 hxg5 12. hxg5
Bg7 {[#]} 13. Qd2 $146 ({Predecessor:} 13. Qc2 Nc6 14. O-O-O Qc7 15. Qd2 a6 16.
Bd3 Nb4 17. Qe3 Nxd3+ 18. Rxd3 dxc4 19. Rdd1 {1-0 (27) Strinitz,H-Winkelmann,H
Germany 1970}) 13... Nc6 14. O-O-O Re8 15. Rh4 a6 16. Kb1 dxc4 17. Bxc4 e5 $1 {
...Bf5+ is the strong threat.} 18. Qc2 (18. Nd5 $11 {and White has nothing to
worry.} Bf5+ 19. Ka1) 18... Bf5 $19 19. Ne4 exd4 {Hoping for ...Nb4.} 20. Ka1
$2 (20. Rf4 Ne5 21. Rxf5 gxf5 22. Nf6+ Bxf6 23. Qxf5) 20... d3 {[%mdl 64] Decoy
} 21. Rxd3 {[#]} Nb4 $1 22. Bxf7+ Kxf7 $2 (22... Kf8 $19 23. Qc5+ Qe7 {[%mdl
64] Double Attack} 24. Bxe8 Nxd3 25. Qxe7+ Kxe7) 23. Qc4+ $11 (23. Qb3+ $2 Be6
$19) 23... Re6 $1 ({Reject} 23... Be6 24. Rxd8 Raxd8 25. Qc7+ Kg8 26. Rh1 $14 (
26. Nf6+ $2 Bxf6 27. Qh7+ Kf8 $19)) 24. Rxd8 Rxd8 25. Rh1 Bxe4 $19 26. Qxb4 Rd3
$40 {[%mdl 128] White is in trouble.} 27. Re1 $2 (27. Qc4 Bxf3 28. Qxd3 Bxh1
29. a4) 27... Bxf3 28. Qf4+ Kg8 29. Qc4 {[#]} Bd5 {[%mdl 512]} 30. Qc8+ (30.
Qc1 $142) 30... Kh7 31. Rb1 Re2 {( -> ...Bxb2+!)} 32. Qc1 Ra3 {[%csl Gd5][%cal
Ra3a2] Weighted Error Value: White=1.23/Black=0.19} 0-1

[Event "Aimchess US Rapid Prelims 2021"]
[Site "Chess24"]
[Date "2021.08.25"]
[Round "13.2"]
[White "Carlsen, Magnus"]
[Black "Aronian, Levon"]
[Result "1/2-1/2"]
[WhiteElo "2847"]
[BlackElo "2782"]
[Annotator "TA"]
[PlyCount "111"]
[EventDate "2021.08.28"]
[EventType "tourn"]
[EventCountry "NET"]
[Tiebreak "Direct encounter+Number of wins+Koya"]
[SourceTitle "playchess.com"]
[Source "ChessBase"]
[SourceQuality "1"]

{[%evp 12,111,0,0,0,0,1,0,0,0,14,0,0,0,1,-2,16,7,25,14,14,12,22,14,14,14,15,14,
14,14,14,14,14,14,14,14,14,14,14,14,21,21,21,0,0,0,20,20,25,20,22,21,22,18,20,
19,19,4,21,25,22,8,8,8,8,8,8,8,12,13,12,11,21,11,11,8,11,11,11,11,15,8,8,0,8,8,
8,8,8,8,8,8,8,8,8,0,0,0,0,0,0,0]} 1. d4 Nf6 2. c4 e6 3. Nf3 d5 4. Nc3 Bb4 5.
Bg5 dxc4 6. a3 (6. e4 c5 7. e5 cxd4 8. Nxd4 Bxc3+ 9. bxc3 Qa5 10. exf6 Qxg5 11.
fxg7 Qxg7 12. Qd2 O-O 13. Bxc4 Rd8 14. Qe3 Bd7 15. O-O-O Nc6 16. Bb3 Be8 17.
Nxc6 Bxc6 18. h4 Qf6 19. Rh3 b5 {1/2-1/2 (49) Carlsen,M (2875)-Aronian,L (2752)
Zagreb 2019}) 6... Bxc3+ 7. bxc3 c5 {D39: Queen's Gambit Declined: Ragozin
Defence with 5 Bg5 dxc4.} 8. e3 cxd4 9. Bxf6 Qxf6 10. cxd4 {[#]} O-O $146 ({
Predecessor:} 10... b5 11. Qb1 a6 12. a4 Bb7 13. Be2 Qg6 14. O-O Qxb1 15. Rfxb1
Be4 {1/2-1/2 (15) Gunkel,W (2349)-Jørgensen,B (2343) ICCF email 2017}) 11. Bxc4
b6 12. O-O Bb7 13. Qe2 Nd7 14. a4 {[%cal Ba3a4,Ba4a5][%mdl 32]} Rfd8 15. Ba6
Bxa6 16. Qxa6 e5 17. a5 exd4 $1 18. Nxd4 Nc5 19. Qb5 Rac8 20. axb6 axb6 21.
Rab1 Rd6 22. Rfc1 Rcd8 23. h3 h5 24. Qe2 g6 25. Qf3 Kg7 26. Qxf6+ Rxf6 27. Rb5
Ra8 28. Rcb1 Ne4 29. R5b2 ({Of course not} 29. Rxb6 Rxf2 30. Rf1 Rxf1+ 31. Kxf1
Ra2 $17) 29... Ra3 30. g3 Ra5 31. Kg2 Rc5 32. g4 hxg4 33. hxg4 Nc3 34. Ra1 Ra5
35. Rc1 Rc5 36. f4 {The position is equal.} Nd5 37. Re1 Nxf4+ 38. exf4 Rxf4 39.
Rb4 {[#] Black must now prevent Ne6+!} Rxg4+ 40. Kf3 Rgg5 41. Rxb6 Rge5 42.
Rxe5 (42. Rg1 {seems wilder.} Ra5 43. Rd1 Ra3+ 44. Nb3 Ra2 45. Rd7) 42... Rxe5
$11 {[%mdl 4096] Endgame KRN-KR} 43. Rb7 Kf6 44. Nc6 Re6 45. Nd8 Re7 46. Rxe7 (
46. Rb6+ {looks sharper.} Kg5 47. Ra6 Kh5 48. Nc6 Re6 49. Ra5+) 46... Kxe7 {
KN-KPP} 47. Nb7 Kf8 48. Kf4 Kg7 49. Ke5 Kh6 50. Kf6 g5 (50... Kh7 {with more
complications.} 51. Nc5 Kg8 52. Nd7 Kh8 53. Kxf7 g5) 51. Nd6 g4 52. Nf5+ Kh5
53. Ng3+ Kh4 54. Ne4 g3 55. Nxg3 Kxg3 56. Kxf7 {A rather calm draw.  Weighted
Error Value: White=0.03/Black=0.03} 1/2-1/2

[Event "Aimchess US Rapid Prelims 2021"]
[Site "Chess24"]
[Date "2021.08.25"]
[Round "13.3"]
[White "So, Wesley"]
[Black "Liang, Awonder"]
[Result "1-0"]
[WhiteElo "2772"]
[BlackElo "2587"]
[Annotator "TA"]
[PlyCount "103"]
[EventDate "2021.08.28"]
[EventType "tourn"]
[EventCountry "NET"]
[Tiebreak "Direct encounter+Number of wins+Koya"]
[SourceTitle "playchess.com"]
[Source "ChessBase"]
[SourceQuality "1"]

{[%evp 15,103,30,26,1,62,66,67,62,59,60,58,59,78,67,106,95,94,57,53,44,107,117,
147,151,202,197,221,211,197,195,291,220,363,366,437,198,875,860,793,703,637,
356,370,375,375,369,351,370,350,352,342,216,345,342,392,400,371,394,392,376,
382,383,486,484,440,261,305,301,351,342,12833,12833,12836,12835,6403,1566,
12838,12833,12835,1389,1481,1347,12845,12846,12845,12845,29989,29990,29990,
29991]} 1. c4 c6 2. Nf3 d5 3. d4 Nf6 4. e3 Bf5 5. Nc3 e6 6. Nh4 Be4 7. f3 Bg6
8. Qb3 Qc7 9. cxd5 {D12: Slav Defence: 3 Nf3 Nf6 4 e3 Bf5.} (9. Bd2 {is
interesting.} Be7 10. g3 Bh5 11. Be2 dxc4 12. Qxc4 O-O 13. O-O) 9... Nxd5 {[#]}
(9... cxd5 $11 10. Bd2 (10. Nxg6 hxg6 11. Bd2 Nc6 $11) 10... Nc6) 10. e4 $146 (
{Predecessor:} 10. g3 Be7 11. Nxg6 hxg6 12. Kf2 Nd7 13. e4 N5f6 14. Kg2 O-O 15.
Be2 c5 16. Bf4 Qa5 {1-0 (51) Praggnanandhaa,R (2608)-Mendonca,L (2549) chess24.
com INT 2021}) 10... Nxc3 11. bxc3 {White is slightly better.} Be7 12. Nxg6
hxg6 13. g3 Nd7 14. Kf2 e5 15. Be3 c5 16. dxe5 Nxe5 17. Qb5+ Nc6 {Black is on
the road to losing.} (17... Kf8 $14) 18. Rb1 $16 (18. Bxc5 $2 Rh5 $19) 18...
O-O-O 19. Bc4 Bd6 (19... Ne5 $16 {might work better.}) 20. Kg2 $1 $18 (20. Bxc5
Ne5 $15) 20... Rh5 21. Bd5 a6 22. Qa4 f5 (22... Na5 $142 23. f4 b5) 23. f4 Na5
(23... fxe4 $142 24. Bxe4 Na5) 24. e5 Be7 {[#]} 25. Bf3 (25. Bxb7+ $142 $1 {
[%mdl 512]} Nxb7 26. Qxa6) 25... Rhh8 $2 {[#]} (25... b5 26. Qc2 Rhh8) 26. Rxb7
$3 {[%mdl 576] Remove Defender} Nxb7 27. Qxa6 Rd7 28. e6 {aiming for Rb1.} Rd6
29. Qa8+ Qb8 30. Bxb7+ Kc7 31. Qa5+ {[%mdl 64] Double Attack} Rb6 32. Bd5 {
Black must now prevent Rb1!} Kc8 33. Kf3 (33. Bxc5 Rb2+ 34. Bf2 Qd6 $16) 33...
Rd8 (33... Rb7 {is a better defense.} 34. Qa6 {[%mdl 64] Pin} (34. Bxc5 Bxc5
35. Qxc5+ Rc7 $16) 34... Qa7 35. Bxb7+ (35. Qxb7+ Qxb7 36. Bxb7+ Kxb7 $16)
35... Qxb7+ 36. Qxb7+ Kxb7) 34. c4 {[%cal Bc3c4,Bc4d5][%mdl 32]} ({Don't
blunder} 34. Bxc5 $2 Rxd5 35. Qxb6 {[#]} Qa8 $1 $19) 34... Rxd5 35. cxd5 Qb7
36. Rd1 Rxe6 {If only Black now had time for ...Ra6....} 37. Bxc5 Ra6 38. Qc3 {
[%csl LRe7,LRg7] Hoping for Bxe7+.} Bxc5 39. Qxc5+ {[%mdl 4096] Endgame KQR-KQR
} Kd7 40. Qc3 (40. Re1 $142 {White wants to mate with Re7+.} Rd6 41. Re5) 40...
Kd8 41. Qc4 Qa7 42. Rc1 {Threatening mate with Qc8+.} Ra3+ $2 (42... Qb7 43.
Kg2 Rd6) 43. Kg2 Qb7 44. Kh3 g5 45. fxg5 g6 46. Qh4 Qg7 47. Qh6 Qg8 48. Rc6 f4
49. Rxg6 Qe8 50. Re6 Qd7 51. Qf8+ Kc7 52. Qxa3 {Weighted Error Value: White=0.
37/Black=0.36} 1-0

[Event "Aimchess US Rapid Prelims 2021"]
[Site "Chess24"]
[Date "2021.08.25"]
[Round "13.4"]
[White "Vidit, Santosh Gujrathi"]
[Black "Giri, Anish"]
[Result "1/2-1/2"]
[WhiteElo "2726"]
[BlackElo "2776"]
[Annotator "TA"]
[PlyCount "81"]
[EventDate "2021.08.28"]
[EventType "tourn"]
[EventCountry "NET"]
[Tiebreak "Direct encounter+Number of wins+Koya"]
[SourceTitle "playchess.com"]
[Source "ChessBase"]
[SourceQuality "1"]

{[%evp 19,81,0,0,0,0,0,13,6,7,9,11,6,30,0,0,0,12,10,10,13,20,0,18,20,138,0,0,0,
13,0,0,0,0,0,0,0,0,-2,-2,-6,0,0,0,0,0,0,0,-9,-9,-12,-9,-14,-14,-14,0,0,0,0,0,0,
0,-3,0,-4]} 1. Nf3 c5 2. c4 Nf6 3. Nc3 Nc6 4. e3 e6 5. d4 d5 6. cxd5 exd5 7.
Bb5 cxd4 8. exd4 Bd6 9. O-O O-O 10. h3 h6 11. Re1 {D32: Tarrasch Defence:
Sidelines and lines without g3.} Bf5 12. Ne5 Rc8 13. Bf4 Re8 {[#]} 14. Rc1 $146
({Predecessor:} 14. Qa4 Re6 15. Bxc6 bxc6 16. Qxa7 Qe8 17. Bg3 c5 18. Nf3 Bxg3
19. fxg3 Be4 20. Re3 {0-1 (35) Weiss,L (2043)-Losonsky,M (1996) ICCF email 2013
}) 14... Re6 15. Qd2 (15. Ba4 {keeps more tension.} Bc7 16. Nxc6 bxc6 17. Bxc7
Qxc7 18. Rxe6 Bxe6 19. Qd2) 15... Qe7 (15... Bh7 {is interesting.} 16. Bg3 Nh5
17. Nxc6 Rxe1+ 18. Rxe1 bxc6 19. Bxd6 Qxd6 20. Be2 Nf6) 16. Nxc6 bxc6 17. Bxd6
Qxd6 18. Rxe6 Qxe6 19. Bf1 Re8 20. Qf4 Qd7 21. Na4 {Threatens to win with Nc5.}
Re4 {[#]} (21... g5 $11 22. Qf3 Ne4) 22. Qb8+ (22. Qf3 $1 $16) 22... Re8 $11 {
The position is equal.} 23. Qb4 Ne4 24. Nc5 Qd6 25. Re1 (25. Nd3 {feels hotter.
} Qc7 26. Qa4 Re6 27. Ne5 Qb6 28. g4) 25... Rb8 26. Qa3 Nxc5 27. dxc5 Qd7 28.
Rd1 d4 29. b4 Rd8 30. Bd3 Bxd3 31. Qxd3 {[%mdl 4096] Endgame KQR-KQR} Qd5 32.
a3 a5 33. Kf1 axb4 34. axb4 g6 35. Kg1 Kg7 36. Rd2 h5 37. h4 Qe5 38. Rd1 Qd5
39. Rd2 Qe5 40. Rd1 Qd5 41. Rd2 {Weighted Error Value: White=0.08/Black=0.11}
1/2-1/2

[Event "Aimchess US Rapid Prelims 2021"]
[Site "Chess24"]
[Date "2021.08.25"]
[Round "13.5"]
[White "Le, Quang Liem"]
[Black "Artemiev, Vladislav"]
[Result "1/2-1/2"]
[WhiteElo "2709"]
[BlackElo "2704"]
[Annotator "TA"]
[PlyCount "124"]
[EventDate "2021.08.28"]
[EventType "tourn"]
[EventCountry "NET"]
[Tiebreak "Direct encounter+Number of wins+Koya"]
[SourceTitle "playchess.com"]
[Source "ChessBase"]
[SourceQuality "1"]

{[%evp 9,124,42,57,51,70,50,52,34,35,39,36,39,51,38,40,43,45,39,75,67,72,64,76,
-13,-6,-11,-10,-5,-9,-9,-7,-4,-6,-8,-5,-8,-8,-14,0,0,0,0,0,0,0,0,0,0,0,0,0,0,0,
0,0,0,0,-6,0,0,0,-8,-13,-14,-8,-16,0,-9,-2,-4,-4,-27,-8,-16,-8,-59,-63,-81,-80,
-31,-14,-14,-14,-14,-14,-14,-14,-14,-14,-14,0,0,0,0,0,0,0,0,0,0,0,0,0,0,0,0,0,
0,0,0,0,0,0,0,0,0,0]} 1. e4 d5 2. exd5 Qxd5 3. Nc3 Qd6 4. d4 Nf6 5. Nf3 c6 6.
h3 {B01: Scandinavian Defence.} g6 7. Bc4 Be6 8. Bb3 {White is slightly better.
} (8. Bd3 {keeps more tension.} Bg7 9. O-O O-O 10. Re1 Nbd7 11. b3) 8... Bg7 9.
O-O Bxb3 10. axb3 Nbd7 11. Re1 e6 12. Bg5 O-O {[#]} 13. Qd2 $146 ({Predecessor:
} 13. Qe2 a6 14. Rad1 h6 15. Bh4 Nh5 16. Ne4 Qb4 17. Nfd2 f5 18. c3 Qb5 19. Nd6
Qxe2 20. Rxe2 {1/2-1/2 (58) Zvjaginsev,V (2617)-Zabotin,A (2486) Sochi 2020})
13... c5 14. Bf4 Qc6 15. Rad1 Rfd8 16. d5 (16. dxc5 $16 Qxc5 17. Re3) 16...
exd5 17. Nxd5 Qxd5 18. Qxd5 Nxd5 19. Rxd5 {[#] And now Bc7 would win.} Nf8 $1
20. Rxd8 Rxd8 21. c3 Ne6 22. Be3 b6 23. Kf1 f5 24. Ng5 Nxg5 (24... Nc7 {
looks sharper.} 25. h4 h6 26. Nf3 Nd5 27. Bd2 Kf7) 25. Bxg5 $11 {[%mdl 4096]
Endgame KRB-KRB} Rd7 26. Re8+ Kf7 27. Ra8 Bf6 28. Be3 Ke6 29. Ke2 Kd5 30. g4
fxg4 31. hxg4 Bd8 32. Rc8 h5 33. Kf3 hxg4+ 34. Kxg4 Ke4 35. b4 cxb4 36. cxb4
Bf6 37. b3 Kd3 38. Rc1 $1 {[%cal Rc1d1] aiming for Rd1+.} Re7 39. Rc6 Bc3 40.
Rxg6 (40. Kg5 {is more complex.} Bxb4 41. Kxg6 Bc3 42. Bg5 Rg7+ 43. Kh5) 40...
Kc2 41. b5 Kxb3 42. Bf4 (42. Bg5 $11 Rd7 43. f4) 42... Ka4 $15 43. Rg5 {[#]}
Bd4 $1 44. Bg3 Bc5 45. f4 $1 {The position is equal.} Kxb5 46. f5 $1 Rf7 47.
Be5 $1 a5 48. f6 a4 49. Kf5 Rf8 50. Ke6 Re8+ 51. Kd7 Ra8 52. f7 Kc4 53. Rg8 Bf8
54. Bg7 Ra7+ 55. Ke6 Bxg7 56. Rxg7 Rxf7 $1 57. Rxf7 $11 {KR-KPP} a3 58. Ra7 Kb3
59. Kd5 a2 60. Kc6 Kb2 61. Kxb6 a1=Q 62. Rxa1 Kxa1 {Weighted Error Value:
White=0.07/Black=0.04} 1/2-1/2

[Event "Aimchess US Rapid Prelims 2021"]
[Site "Chess24"]
[Date "2021.08.25"]
[Round "13.6"]
[White "Firouzja, Alireza"]
[Black "Mamedyarov, Shakhriyar"]
[Result "1/2-1/2"]
[WhiteElo "2759"]
[BlackElo "2782"]
[Annotator "TA"]
[PlyCount "81"]
[EventDate "2021.08.28"]
[EventType "tourn"]
[EventCountry "NET"]
[Tiebreak "Direct encounter+Number of wins+Koya"]
[SourceTitle "playchess.com"]
[Source "ChessBase"]
[SourceQuality "1"]

{[%evp 18,81,12,12,12,7,10,16,28,25,22,14,19,16,12,12,21,20,29,20,33,12,18,10,
11,2,10,8,16,16,16,10,26,0,10,15,10,12,12,12,10,12,13,10,8,7,8,0,3,0,0,0,8,0,0,
0,0,0,0,0,0,0,0,0,0,0]} 1. e4 e5 2. Nf3 Nc6 3. Bb5 Nf6 4. O-O Nxe4 5. Re1 Nd6
6. Nxe5 Nxe5 7. Rxe5+ Be7 8. Bf1 O-O 9. d4 Bf6 10. Re1 Re8 {C67: Ruy Lopez:
Berlin Defence: 4 0-0 Nxe4.} 11. c3 Rxe1 12. Qxe1 Nf5 13. Bf4 c6 14. Nd2 {
[%cal Bb1d2,Bd2f3,Bf3e5][%mdl 32]} d5 15. h3 g6 16. Nf3 Ng7 17. Qd2 Bf5 {[#]}
18. Re1 $146 ({Predecessor:} 18. Bh2 h5 19. Ne5 Bg5 20. Qd1 h4 21. Nf3 Bf6 22.
a4 Qe7 23. Qd2 Re8 24. a5 {1/2-1/2 (33) Roberts,A (2279)-Axmann,S (2361) ICCF
email 2018}) 18... Qf8 19. Ne5 Re8 20. g4 Bc8 21. Bh6 Qd6 22. Qf4 Qd8 23. Bd3
Ne6 24. Qf3 Qe7 25. Re3 Bg7 {The position is equal.} 26. Bxg7 Kxg7 27. Qg3 f6
28. Nf3 Qc7 29. Qxc7+ Nxc7 30. Rxe8 Nxe8 $11 {[%mdl 4096] Endgame KBN-KBN} 31.
Kg2 Nd6 32. Nd2 g5 33. Kg3 f5 34. f4 h6 35. Nf1 Kf6 36. Ne3 a5 37. a3 Be6 38.
Bc2 Bc8 39. Bd3 Be6 40. Bc2 Bc8 41. Bd3 {Not much happened in this game. 
Weighted Error Value: White=0.03/Black=0.02} 1/2-1/2

[Event "Aimchess US Rapid Prelims 2021"]
[Site "Chess24"]
[Date "2021.08.25"]
[Round "13.7"]
[White "Naroditsky, Daniel"]
[Black "Dominguez Perez, Leinier"]
[Result "0-1"]
[WhiteElo "2623"]
[BlackElo "2758"]
[Annotator "TA"]
[PlyCount "122"]
[EventDate "2021.08.28"]
[EventType "tourn"]
[EventCountry "NET"]
[Tiebreak "Direct encounter+Number of wins+Koya"]
[SourceTitle "playchess.com"]
[Source "ChessBase"]
[SourceQuality "1"]

{[%evp 10,122,25,22,16,7,23,11,43,35,31,14,67,18,43,-13,64,8,74,31,24,-46,-41,
-33,-27,-45,-40,-42,-16,-25,-41,-60,0,0,0,-39,-35,-67,-65,-135,-147,-147,-133,
-239,-244,-249,-245,-241,-226,-328,-348,-350,-321,-254,-175,-167,-177,-326,0,
-61,0,-318,-320,-736,-736,-698,-595,-783,-587,-604,-575,-1218,-388,-757,-464,
-464,-666,-672,-665,-625,-641,-634,-580,-568,-602,-469,-67,-920,-779,-2609,
-2429,-1921,-881,-6629,-5708,-29976,-29977,-29977,-29978,-29978,-29979,-29979,
-29980,-29980,-29980,-29980,-29980,-29981,-29980,-29986,-29982,-29981,-29982,
-29984,-29985]} 1. e4 c5 2. Nf3 d6 3. d4 cxd4 4. Nxd4 Nf6 5. Nc3 a6 6. Nb3 g6 {
B90: Sicilian Najdorf: Unusual White 6th moves, 6 Be3 Ng4 and 6 Be3 e5.} 7. Be3
Bg7 8. Qd2 h5 {[#] The position is equal.} 9. O-O-O $146 ({Predecessor:} 9. f3
Nc6 10. Nd4 Nxd4 11. Bxd4 Be6 12. O-O-O b5 13. a3 Qb8 14. Kb1 b4 15. axb4 Qxb4
{0-1 (39) Sharapova,L (1473)-Saveleva,A (1619) Armavir 2015}) 9... Nbd7 {
[%cal Bb8d7,Bd7b6,Bb6a4][%mdl 32]} 10. f4 Qc7 (10... b5 $11) 11. Be2 b5 12. Bf3
(12. Kb1 $14) 12... Bb7 (12... b4 $11 13. Nd5 Nxd5 14. exd5 a5) 13. Kb1 (13.
Nd5 $14 Nxd5 14. exd5) 13... O-O (13... Ng4 $1 $11) 14. h3 Nb6 15. Qf2 (15.
Bxb6 $11 Qxb6 16. e5 dxe5 17. fxe5) 15... Na4 16. Bd4 e5 $1 {[%cal Re5d4]} 17.
fxe5 dxe5 18. Nxa4 bxa4 19. Bb6 Qc8 20. Nc5 Bc6 (20... Qc6 $1 $15 21. Nxb7 Qxb7
) 21. Ba5 $11 Rb8 22. Bc3 Nd7 23. Nxd7 Bxd7 24. Qe3 ({White should play} 24.
Rd3 $1 $15) 24... Be6 $1 $17 {Strongly threatening ...Qc4.} 25. Be2 {[#]} Bh6
$1 {[%cal Rh6e3][%mdl 512]} 26. Qf3 (26. Qxh6 $17 {was called for.} Qxc3 27.
Qc1) 26... Qc5 $1 $19 27. Ka1 a3 $1 {[%cal Ra3b2]} 28. b3 Rbc8 29. Rd3 (29. Bc4
$142) 29... Rfd8 30. Rhd1 Rxd3 31. Rxd3 Bc1 {Threatens to win with ...Bb2+!}
32. Bd1 {[#]} Bc4 $1 {[%cal Rc4d3][%mdl 512]} 33. Rd7 {[#]} (33. bxc4 $142 Qb6
34. Bd4 (34. c5 $2 Qb5 $19) 34... exd4 35. Rb3) 33... Be6 $2 $40 {[%mdl 128]
Black attacks.} ({Better is} 33... Qc6 $1 $19 {[%cal Rc6d7]} 34. Kb1 Bf4) 34.
Rd3 $15 Bc4 $2 {[%mdl 8192]} 35. Rd7 $1 $19 {[#]} (35. bxc4 Qb6 $17) 35... Qc6
{[%cal Rc6d7]} 36. Ra7 (36. Kb1 Qxd7 37. Kxc1) 36... Be6 37. Kb1 Bf4 (37...
Qxc3 38. Qxc3 Rxc3 39. Kxc1 $11) 38. Be1 Rd8 {...Qd6 is the strong threat.} 39.
Be2 Qc5 ({Not} 39... Rc8 40. Bd3 $14) 40. Bf2 Qb4 (40... Qa5 {( -> ...Qd2)} 41.
Bg3 Qd2 42. Bxf4 exf4) 41. g3 $2 {[#]} (41. c3 Qb8 42. Rxa6 Bxb3 43. Rb6) 41...
Bg4 $1 {[%mdl 512]} 42. hxg4 hxg4 43. c3 gxf3 44. cxb4 fxe2 45. gxf4 {[%mdl
4096] Endgame KRB-KR} Rd1+ 46. Kc2 exf4 47. Rxa6 {[#] Threatening b5.} Rf1 $2 (
{Black should try} 47... f3 $1 $19 {White must now prevent ...Kg7.} 48. b5 (48.
Rxa3 $2 e1=Q $19) 48... Rf1) 48. Bh4 $2 {[%mdl 8192] [#] This move loses the
game for White.} (48. Be1 $15 Rxe1 49. Kd2) 48... g5 $1 {[%cal Rg5h4]} 49. Kd2
gxh4 50. Kxe2 {KR-KR} Ra1 51. b5 h3 52. b6 h2 {Black mates.} 53. b7 h1=Q 54.
b8=Q+ {KQR-KQR} Kh7 55. Qxf4 Qd1+ 56. Ke3 Qc1+ 57. Kf3 Qf1+ {[%mdl 64] Double
Attack} 58. Kg4 Qe2+ {[%mdl 64] Double Attack} 59. Kf5 Rf1 60. Rh6+ Kg7 61. Rh4
Rxf4+ {Weighted Error Value: White=0.79/Black=0.36} 0-1

[Event "Aimchess US Rapid Prelims 2021"]
[Site "Chess24"]
[Date "2021.08.25"]
[Round "13.8"]
[White "Hansen, Eric"]
[Black "Vachier-Lagrave, Maxime"]
[Result "0-1"]
[WhiteElo "2606"]
[BlackElo "2751"]
[Annotator "TA"]
[PlyCount "134"]
[EventDate "2021.08.28"]
[EventType "tourn"]
[EventCountry "NET"]
[Tiebreak "Direct encounter+Number of wins+Koya"]
[SourceTitle "playchess.com"]
[Source "ChessBase"]
[SourceQuality "1"]

{[%evp 14,134,10,15,20,13,18,14,8,8,13,0,13,15,33,28,35,32,25,-48,-65,-74,-61,
-42,10,10,10,18,13,0,0,-37,0,-8,-8,-9,0,0,0,-70,0,-8,-10,-10,-1,-2,-2,-14,-2,
-12,0,0,0,0,0,0,-4,-11,0,-14,-7,-7,-7,-7,-7,-7,-7,-7,0,0,0,0,0,0,0,-8,-8,-8,-8,
-8,0,-8,0,0,0,0,0,-3,-3,-3,-3,-3,0,0,0,0,0,0,0,-82,0,0,0,0,0,0,0,-8,-8,-82,-82,
-82,-82,-81,-81,-564,-68,-786,-786,-883,-868,-4562,-2712]} 1. e4 e6 2. d4 d5 3.
Nc3 Nf6 4. Bg5 dxe4 5. Nxe4 Be7 6. Bxf6 gxf6 7. Nf3 f5 8. Nc3 a6 {C13: French:
Classical System: 4 Bg5 Be7, Alekhine-Chatard Attack.} 9. g3 b5 10. Bg2 Bb7 {
The position is equal.} 11. O-O O-O 12. Ne5 Bxg2 13. Kxg2 c5 14. Qf3 {[#]} cxd4
$146 ({Predecessor:} 14... Ra7 15. d5 b4 16. Ne2 Qxd5 17. Qxd5 exd5 18. Rad1
Rd8 19. Nf4 d4 20. Rfe1 Rc7 {1-0 (64) Groszpeter,A (2437)-Horvath,D (2375)
Hungary 2019}) 15. Qxa8 {[#] Hoping for Ne2.} dxc3 16. Qb7 (16. b3 $11) 16...
Bf6 $15 17. Nd3 cxb2 18. Rab1 Qc8 (18... Qa5 $15) 19. Qxc8 $11 Rxc8 20. Nxb2
Nd7 21. Nd3 Nb6 22. Nb4 a5 23. Nd3 b4 24. a3 $1 bxa3 25. Rxb6 {Threatens to
win with Rb5.} a2 26. Ra6 (26. Rb5 $11 a1=Q 27. Rxa1 Bxa1 28. Rxa5) 26... a1=Q
({Black should play} 26... Bc3 $1 $15) 27. Rxa1 Bxa1 28. Rxa5 {[%mdl 4096]
Endgame KRB-KRN} Bd4 29. Ra4 Bc3 30. h3 Kg7 31. g4 fxg4 32. hxg4 Kf6 33. Kf3
Rc7 34. Re4 Kg5 35. Kg3 Kf6 36. Re2 Ba5 37. f4 Rc3 38. Kf3 Bc7 39. Rh2 Kg6 40.
g5 e5 41. Rh6+ Kg7 42. f5 Rxc2 43. f6+ Kg8 44. Rh1 Rc4 {Strongly threatening ..
.e4+.} 45. Re1 h6 46. Nxe5 Rc3+ 47. Kg4 hxg5 48. Nd7 Rd3 (48... Kh7 {feels
hotter.} 49. Kxg5 Rg3+ 50. Kf5 Rf3+ 51. Kg4 Rg3+) 49. Re8+ Kh7 50. Nf8+ (50.
Re7 {seems wilder.} Kg8 51. Nc5 Rd4+ 52. Kh5 Bd6 53. Re8+) 50... Kh6 {And now .
..Rd4+ would win.} 51. Re7 Rd4+ 52. Kf3 g4+ (52... Rf4+ {keeps more tension.}
53. Kg2 Bd6 54. Rxf7 Bxf8 55. Rxf8 Kg6) 53. Ke2 Bd6 54. Rxf7 Re4+ 55. Kd3 Re8
56. Rh7+ Kg5 57. Nd7 Kf4 58. Kd4 g3 59. Kd5 $1 {[%cal Rd5d6]} Ba3 60. Rg7 (60.
Rh4+ {is more complex.} Kg5 61. Rh7 Re3 62. Rg7+ Kf5 63. Kc4) 60... Ra8 61. Nb6
(61. f7 $11 {remains equal.}) 61... Ra5+ $17 62. Kc4 Rf5 63. Nd5+ Kf3 {...Bc1
is the strong threat.} 64. Rg6 $2 {[%mdl 8192]} (64. Ne3 $17 {is more
resistant.} Rxf6 65. Nf1) 64... Bd6 $2 ({Better is} 64... Bb2 $19 65. Ne3 Rxf6)
65. Ne7 $2 {[%mdl 8192] [#]} (65. f7 $15) 65... Rc5+ $1 $19 {Black is clearly
winning.} 66. Kd4 g2 67. Nd5 Rc1 {Weighted Error Value: White=0.08/Black=0.07}
0-1